00792nam a2200241Ia 4500001000900000003000500009005001700014008004100031010001100072040000900083082001600092100003000108245007000138260006600208300001100274650002700285901001600312902000600328905006300334942001500397999001900412952011900431dia_2038CHAP20230614102130.0220117s1968 xx 000 0 und d a172576 cCHAP a634.972 B75 aBrom Rojas, Emilio915511 aEstablecimiento de Huertos Frutícolas /c por Emilio Brom Rojas aMéxico :b SAG. Comisión Nacional de Fruticultura,c1968 a141 p. a1.Fruticultura9147031 a634.972 B75 aM a0000001968 mx A 0000000000spa00 cLIBRO2ddc c172576d172576 00102ddc40708GRALaIA_bIA_d2022-01-18f1l0o634.972 B75pdia_302r2022-01-18 00:00:00t1w2022-01-18yLIBRO